000 00821nam a2200229 a 4500
001 63840
003 BD-RjUL
005 20211209081235.0
008 040217s1981 kn cf 000 0 eng
035 _a(BD-RjUL)63970
040 _aDLC
_cDLC
_dBD-RjUL
_beng
041 1 _aeng
_hkor
082 0 0 _a370.9519
_223
_bKIT 1981
100 1 _aKim, Il-sŏng,
_d1912-1994.
_9189393
245 0 0 _aTheses on socialist education :
_bpublished at the 14th Plenary Meeting of the Fifth Central Committee of the Worker's Party of Korea, September 5, 1977 /
_cKim Il Sung.
260 _aPyongyang, Korea :
_bForeign Language Pub. House,
_c1981.
300 _a57 p. ;
_c19 cm.
650 0 _aEducation
_zKorea (North)
_9189544
650 0 _aSocialism and education
_zKorea (North)
_9189545
942 _2ddc
_cBK
999 _c63840
_d63840